| 000 | 00941nam a2200229Ia 4500 | ||
|---|---|---|---|
| 001 | L371-24806 | ||
| 003 | IT-CnALBA | ||
| 008 | 170116s9999||||xx |||||||||||||| ||und|| | ||
| 040 |
_aIT-CnALBA _cIT-CnALBA |
||
| 041 | _aITALIANO | ||
| 100 | _aPADELLARO NAZARENO | ||
| 245 | 0 | _aSPUNTI DI DIDATTICA NUOVA. | |
| 250 | _a1a ed. | ||
| 260 |
_a PESCARA. ROMA _bARTE DELLA STAMPA _c1929 [1° Ed.:1929 - Ed.Ling.Originale: 1929] |
||
| 300 | _a192 p. (prefazione: 3) | ||
| 500 | _aGRAMMATICA. SINTASSI. PERIODO. POESIA. COMPONIMENTO. SOGGETTO. VERBO. DOMANDE E RISPOSTE. UNIFORMITA' E INCOMPRENSIONI. | ||
| 501 | _aSocietà San Paolo EM - Piazza San Paolo, 14 - 12051 ALBA (CN) (non commercial uses only) ® Copyright 2017 | ||
| 520 | _aGRAMMATICA. SINTASSI. PERIODO. POESIA. COMPONIMENTO. SOGGETTO. VERBO. DOMANDE E RISPOSTE. UNIFORMITA' E INCOMPRENSIONI. | ||
| 650 | _aISTRUZIONE - EDUCAZIONE | ||
| 942 | _cBK | ||
| 957 | _71 | ||
| 999 |
_a29582 _bSI _g Copie: 1 _c283909 _d283909 |
||